| 000 | 00773nam a2200217Ia 4500 | ||
|---|---|---|---|
| 003 | GCL | ||
| 008 | 140319s9999 xx 000 0 ara d | ||
| 040 |
_aGCL / _cGCL |
||
| 082 | 0 | 4 |
_a413.1 _bع م |
| 100 | 1 | _aعبدالمنعم سيد عبدالعال | |
| 245 | 1 | 0 |
_aمعجم الالفاظ العامية ذات الحقيقة والاصول العربية مأخوذة من القرأن - الحديث - معاجم اللغة ومأثورها / _cعبدالمنعم سيد عبدالعال |
| 260 |
_a[S.N] : _bمكتبة الخانجى ، _c1972 |
||
| 300 | _a693 ص | ||
| 490 | _a | ||
| 650 | 0 | 4 | _aالالفاظ |
| 650 | 0 | 4 | _aاللغة العربية |
| 650 | 0 | 4 | _aالمعاجم |
| 650 | 0 | 4 | _aاللهجات |
| 650 | 0 | 4 | _aالدلالة |
| 942 |
_2ddc _cBK |
||
| 999 |
_c36917 _d36917 |
||